Introductory statistics for the behavioral sciences /

Bibliographic Details
Main Author: Welkowitz, Joan
Other Authors: Ewen, Robert B., 1940-, Cohen, Jacob, 1923-1998
Format: Book
Language:English
Published: New York : Academic Press, [1982]
Edition:3rd ed.
Subjects:

MARC

Tag First Indicator Second Indicator Subfields
LEADER 00000cam a2200000 a 4500
001 in00000074180
005 20151008060229.0
008 820529s1982 nyua b 00110 eng d
010 |a  81068136  
020 |a 0127432701 
035 |a (OCoLC)08477951 
035 |9 AAJ5346AM 
040 |a NOC  |c NOC  |d TXA  |d UtOrBLW 
049 |a TXAM  |c [1442743] 
090 |a BF39  |b .W44 1982 
100 1 |a Welkowitz, Joan. 
245 1 0 |a Introductory statistics for the behavioral sciences /  |c Joan Welkowitz, Robert B. Ewen, Jacob Cohen. 
250 |a 3rd ed. 
264 1 |a New York :  |b Academic Press,  |c [1982] 
264 4 |c ©1982 
300 |a xiii, 369 pages :  |b illustrations ;  |c 25 cm. 
336 |a text  |b txt  |2 rdacontent 
337 |a unmediated  |b n  |2 rdamedia 
338 |a volume  |b nc  |2 rdacarrier 
504 |a Includes bibliographical references and index. 
650 0 |a Psychometrics. 
700 1 |a Ewen, Robert B.,  |d 1940- 
700 1 |a Cohen, Jacob,  |d 1923-1998. 
999 |a MARS 
999 f f |s d4b55744-6b65-38b9-bd0f-4e821f21015c  |i a05bdd9a-e45c-3332-8d54-3c318e2bc578  |t 0 
952 f f |p ric  |a Texas A&M University  |b Rellis Campus  |c Joint Library Facility  |d Remote Storage  |t 0  |e BF39 .W44 1982  |h Library of Congress classification  |i unmediated -- volume  |m A14827641442 
998 f f |a BF39 .W44 1982  |t 0  |l Remote Storage